Informe hidrometeorológico : octubre 1994 /
Guardado en:
| Autor Corporativo: | |
|---|---|
| Formato: | Libro |
| Idioma: | Spanish |
| Publicado: |
Neuquén :
AIC,
1994.
|
| Materias: | |
| Etiquetas: |
Agregar Etiqueta
Sin Etiquetas, Sea el primero en etiquetar este registro!
|
| LEADER | 00663nam a22001815a 4500 | ||
|---|---|---|---|
| 001 | EUN.um026179 | ||
| 003 | AR-BaUNS | ||
| 005 | 20050623122903.0 | ||
| 008 | 041125s1994####ag#a##########000#0#spa#d | ||
| 245 | 1 | 0 | |a Informe hidrometeorológico : |b octubre 1994 / |c Autoridad interjurisdiccional de las cuencas de los ríos Limay, Neuquén y Negro. |
| 260 | |a Neuquén : |b AIC, |c 1994. | ||
| 300 | |a 25 p. : |b ilus. ; |c 29 cm. | ||
| 082 | 0 | 4 | |a 551.49 |
| 653 | |a Hidrologia | ||
| 653 | |a Meteorologia | ||
| 653 | |a Argentina | ||
| 110 | 2 | |a Autoridad interjurisdiccional de las cuencas de los ríos Limay, Neuquén y Negro. | |
| 859 | |a Ar-BaUNS |b BIB. CENTRAL - Sector C |h 551.49 |i Au82-1 |p 104160/994 | ||
